000 00845nam a2200181Ia 4500
008 100920s9999 xx 000 0 und d
082 _b92963
_a320 न 01
100 _aमेहता अभय.
245 _aवज्राघात (एन्रॉनच्या मगरमिठीत महाराष्ट्र).
260 _bओरिएंट लाँगमन लिमिटेड, ैहद्राबाद.
_c2001
300 _a149
_bसाधी
365 _b165
520 _aराजकारण.
630 _aवज्राघात (एन्रॉनच्या मगरमिठीत महाराष्ट्र).
650 _aराजकारण.
730 _aवज्राघात (एन्रॉनच्या मगरमिठीत महाराष्ट्र).
942 _cBOOK
999 _c733406
_d733403